| 000 | 00593nam a22001937a 4500 | ||
|---|---|---|---|
| 999 |
_c526075 _d526075 |
||
| 003 | NUST | ||
| 005 | 20190708075353.0 | ||
| 008 | 190708b ||||| |||| 00| 0 eng d | ||
| 038 | _aMr. Zahoor | ||
| 082 | _a510 | ||
| 100 |
_aSeemab, Arjumand _917041 |
||
| 245 |
_aFractional Differential Equations: _bOscillation Theory and Numerical Solutions / _cArjumand Seemab |
||
| 260 |
_aIslamabad: _bSNS - NUST, _cIslamabad. |
||
| 300 |
_avi, 68 p. : _b30cm. |
||
| 500 | _aHard Cover | ||
| 650 |
_aMathematics - M. Phil Thesis _916594 |
||
| 700 |
_aDr. Mujeeb ur Rehman _916447 |
||
| 942 |
_2ddc _cTHE |
||